MARC

LEADER 00000n m0a2200000 4500
001 220812
005 20231101230349.0
010 |a 5060020002 
020 |a RU  |b 90-2524 
035 |a (RuTPU)RU\TPU\book\240946 
090 |a 220812 
100 |a 20120903d1989 km y0rusy5003 ca 
101 0 |a rus 
102 |a RU 
105 |a y z 000zy 
200 1 |a Демократизация советского общества. Истоки. Проблемы. Решения  |e [сборник статей]  |f под ред. В. И. Купцова ; сост. О. В. Кирьязев, В. С. Меськов, В. В. Сериков, С. А. Степанов 
210 |a Москва  |c Высш. шк.  |d 1989 
215 |a 432 с.  |d 22 см 
225 1 |a Шаги перестройки 
606 1 |a Советская демократия  |2 stltpush  |3 (RuTPU)RU\TPU\subj\55411  |9 73446 
610 1 |a СССР 
610 1 |a социально-экономическая жизнь 
610 1 |a культурная жизнь 
610 1 |a демократизация 
610 1 |a общественно-политическая жизнь 
610 1 |a правовое государство 
686 |a Ф3(2)12  |v LBC/SL-A  |2 rubbk 
702 1 |a Купцов  |b В. И.  |g Владимир Иванович  |4 340 
702 1 |a Кирьязев  |b О. В.  |g Олег Витальевич  |4 220 
702 1 |a Меськов  |b В. С.  |g Валерий Сергеевич  |4 220 
702 1 |a Сериков  |b В. В.  |g Валерий Васильевич  |4 220 
702 1 |a Степанов  |b С. А.  |g Станислав Александрович  |4 220 
801 0 |a RU  |b RuMRKP  |c 19950417  |g psbo 
801 1 |a RU  |b 63413507  |c 20120903 
801 2 |a RU  |b 63413507  |c 20121001  |g RCR 
942 |c BK